Solar Energy : (Record no. 13770)
[ view plain ]
| 000 -LEADER | |
|---|---|
| fixed length control field | 01578cam a2200349 a 4500 |
| 001 - CONTROL NUMBER | |
| control field | 15692688 |
| 005 - DATE AND TIME OF LATEST TRANSACTION | |
| control field | 20091209195839.0 |
| 008 - FIXED-LENGTH DATA ELEMENTS--GENERAL INFORMATION | |
| fixed length control field | 090408s2010 fluab |rb 001 0 eng |
| 010 ## - LIBRARY OF CONGRESS CONTROL NUMBER | |
| LC control number | 2009014967 |
| 015 ## - NATIONAL BIBLIOGRAPHY NUMBER | |
| National bibliography number | GBA945129 |
| Source | bnb |
| 016 7# - NATIONAL BIBLIOGRAPHIC AGENCY CONTROL NUMBER | |
| Record control number | 015175510 |
| Source | Uk |
| 020 ## - INTERNATIONAL STANDARD BOOK NUMBER | |
| International Standard Book Number | 9781420075663 (hardcover : alk. paper) |
| 020 ## - INTERNATIONAL STANDARD BOOK NUMBER | |
| International Standard Book Number | 1420075667 (hardcover : alk. paper) |
| 035 ## - SYSTEM CONTROL NUMBER | |
| System control number | (OCoLC)ocn226357399 |
| 040 ## - CATALOGING SOURCE | |
| Original cataloging agency | DLC |
| Transcribing agency | DLC |
| Modifying agency | BTCTA |
| -- | BAKER |
| -- | YDXCP |
| -- | UKM |
| -- | C#P |
| -- | OCLCA |
| -- | BWX |
| -- | CDX |
| -- | DLC |
| 050 00 - LIBRARY OF CONGRESS CALL NUMBER | |
| Classification number | TJ810 |
| Item number | .S4897 2009 |
| 082 00 - DEWEY DECIMAL CLASSIFICATION NUMBER | |
| Classification number | 621.47 |
| Edition number | 22 |
| Item number | FOS |
| 100 1# - MAIN ENTRY--PERSONAL NAME | |
| Personal name | Foster, Robert, |
| Dates associated with a name | 1962 Apr. 25- |
| 9 (RLIN) | 13076 |
| 245 10 - TITLE STATEMENT | |
| Title | Solar Energy : |
| Remainder of title | Renewable Energy and the Environment / |
| Statement of responsibility, etc | Robert Foster, Majid Ghassemi, Alma Cota. |
| 260 ## - PUBLICATION, DISTRIBUTION, ETC. (IMPRINT) | |
| Place of publication, distribution, etc | Boca Raton : |
| Name of publisher, distributor, etc | CRC Press, 2010 |
| Date of publication, distribution, etc | c2010. |
| 300 ## - PHYSICAL DESCRIPTION | |
| Extent | xxvii, 352 p. : |
| Other physical details | ill., maps ; |
| Dimensions | 27 cm. |
| 490 1# - Series Statement | |
| Series statement | Energy and the Environment |
| 504 ## - BIBLIOGRAPHY, ETC. NOTE | |
| Bibliography, etc | Includes bibliographical references and index. |
| 650 #0 - SUBJECT ADDED ENTRY--TOPICAL TERM | |
| Topical term or geographic name as entry element | Solar energy. |
| 9 (RLIN) | 13077 |
| 650 #0 - SUBJECT ADDED ENTRY--TOPICAL TERM | |
| Topical term or geographic name as entry element | Renewable energy sources |
| General subdivision | Environmental aspects. |
| 9 (RLIN) | 13078 |
| 700 1# - ADDED ENTRY--PERSONAL NAME | |
| Personal name | Ghassemi, Majid, |
| Dates associated with a name | 1960- |
| 9 (RLIN) | 13079 |
| 700 1# - ADDED ENTRY--PERSONAL NAME | |
| Personal name | Cota, Alma, |
| Dates associated with a name | 1972- |
| 9 (RLIN) | 13080 |
| 830 #0 - SERIES ADDED ENTRY--UNIFORM TITLE | |
| Uniform title | Energy and the environment (Boca Raton, Fla.) |
| 9 (RLIN) | 13081 |
| 942 ## - ADDED ENTRY ELEMENTS (KOHA) | |
| Source of classification or shelving scheme | Dewey Decimal Classification |
| Item type | Book - Borrowing |
| Withdrawn status | Item status | Source of classification or shelving scheme | Damaged status | Not for loan | Vendor | Home library | Current library | Shelving location | Date acquired | Source of acquisition | Cost, normal purchase price | Serial Enumeration / chronology | Total Checkouts | Total Renewals | Full call number | Barcode | Date last seen | Date last borrowed | Koha item type |
|---|---|---|---|---|---|---|---|---|---|---|---|---|---|---|---|---|---|---|---|
| Dewey Decimal Classification | Alahram | Central Library | Central Library | First floor | 24/03/2010 | 774.00 | 27 | 15 | 135 | 621.47 FOS | 000020327 | 15/07/2025 | 12/08/2018 | Book - Borrowing |